MARC

LEADER 00000nam0a2200000 4500
001 196387
005 20231031183045.0
035 |a (RuTPU)RU\TPU\book\214249 
090 |a 196387 
100 |a 20110523d1936 m y0rusy50 ca 
101 0 |a rus 
102 |a RU 
105 |a a z 000zy 
200 1 |a Подшипники качения и их производство  |f А. Ф. Доллежаль, А. В. Гильберт 
210 |a Москва  |c ОНТИ  |d 1936 
215 |a 151 с.  |c ил. 
610 1 |a подшипники качения 
610 1 |a производство 
610 1 |a машиностроение 
610 1 |a типы 
610 1 |a конструкции 
610 1 |a расчеты 
610 1 |a материалы 
610 1 |a производство 
610 1 |a проверка 
610 1 |a испытание 
675 |a 621.822.6  |v 3 
700 1 |a Доллежаль  |b А. Ф. 
701 1 |a Гильберт  |b А. В. 
801 1 |a RU  |b 63413507  |c 20110523 
801 2 |a RU  |b 63413507  |c 20110525  |g RCR 
942 |c BK